00350nam a2200109Ia 4500008004100000082001800041100002200059245004400081260004400125630001800169650005300187211109s9999||||xx |||||||||||||| ||und|| a954.83bBAL-J aBalakrishnan, P K 0aJathivyvasthithiyum Kerala Charithravum bSahithya Pravarthaka...aKottayamc1983 xGeneral Stack aHistoryvIndian HistoryxKerala HistoryGeneralia